Zamestnanec a závislá práca - definičné a právne kontexty ich vzájomného vzťahu

Pracovné práve, jeho úloha. Esenciálne indikátory závislej činnosti. Zamestnanec vykonávajúci závislú prácu. Nová kategória zamestnancov - chudobný zamestnanec.

Guardado en:
Detalles Bibliográficos
Autor principal: Žofčinová, Vladimíra
Formato: Capítulo de libro
Lenguaje:eslovaco
Materias:
Etiquetas: Agregar Etiqueta
Sin Etiquetas, Sea el primero en etiquetar este registro!

MARC

LEADER 00000naa a2200000 4500
001 0190761
005 20240417075045.0
041 0 |a slo 
044 |a SK 
245 1 0 |a Zamestnanec a závislá práca - definičné a právne kontexty ich vzájomného vzťahu  |c Vladimíra Žofčinová 
520 |a Pracovné práve, jeho úloha. Esenciálne indikátory závislej činnosti. Zamestnanec vykonávajúci závislú prácu. Nová kategória zamestnancov - chudobný zamestnanec. 
610 2 0 |a zamestnanci 
610 2 0 |a vzťahy pracovnoprávne 
610 2 0 |a definície 
610 2 0 |a právo pracovné 
610 2 0 |a práca závislá 
100 1 |a Žofčinová, Vladimíra